000 00843nam a22003017a 4500
005 20260309135140.0
100 _aZhuang, L.
245 _aDual Functions of Dietary Rubber Seed Oil Supplementation: Enriching N‐3 Polyunsaturated Fatty Acids and Enhancing Antioxidant Capacity in Pekin Ducks
260 _bAnimal Research and One Health
_c2025
300 _bOnline
650 _aAntioxidant capacity
650 _aN-3 polyunsaturated fatty acids
650 _aPekin duck
650 _aRubber seed oil
650 _aTotal cholestrol
700 _aWu, Y.
700 _aZhao, Z.
700 _aCao, J.
700 _aGuo, Y.
700 _aWu, Z.
700 _aWang, Q.
700 _aYang, P.
700 _aWu, S.
700 _aWen, Z.
700 _aHou, S.
856 _uhttps://doi.org/10.1002/aro2.70020
942 _cJS
999 _c75863
_d75863